| 000 | 01973cam a2200541 a 4500 | ||
|---|---|---|---|
| 001 | 20974 | ||
| 003 | VRT | ||
| 005 | 20260207125513.0 | ||
| 008 | 230403s1952 xo 000 d slo | ||
| 015 | _aSNBA19451955-013907 | ||
| 035 | _aSK01SNKBKSFS20010098823 | ||
| 035 | _aurn:nbn:sk:snk-am3hxr8 | ||
| 035 | _aDC7310BD-3CFA-48D7-8909-3C4474EF3223 | ||
| 035 | _aurn:nbn:sk:snk-am00dcrj | ||
| 035 | _aSKM000101286 | ||
| 039 | 9 |
_a202310060850 _bssvkbb03 _c202304032106 _dVLOAD _c202212050959 _dVLOAD _c202205110916 _dVLOAD |
|
| 040 |
_aSNK _bslo _cSNK _eAACR2 |
||
| 041 | 0 | _aslo | |
| 044 |
_axo _cSK |
||
| 072 | 7 |
_a821.162.4-2 _xSlovenská dráma _2konspekt |
|
| 080 |
_a821.162.4-2 _22011 |
||
| 080 |
_a(0:82-22) _22011 |
||
| 100 | 1 |
_aZáborský, Jonáš, _d1812-1876 _4aut |
|
| 245 | 1 | 0 |
_aNajdúch _bhra v piatich dejstvách _cJonáš Záborský ; [dramaturgicky upravil Janko Borodáč] |
| 250 | _a1. vyd. | ||
| 260 |
_aMartin _bMatica slovenská _c1952 _eMartin _fStredoslovenské tlačiarne |
||
| 300 |
_a85, [2] s. _c8° |
||
| 366 | _e3300 výtl. | ||
| 490 | 1 |
_aSlovenské divadlo _vsv. 12 |
|
| 655 | 7 |
_aslovenské drámy _2SNKPH |
|
| 655 | 7 |
_adivadelné komédie _2SNKPH |
|
| 655 | 7 |
_aSlovak drama _2SNKPHeng |
|
| 655 | 7 |
_aComedies _2SNKPHeng |
|
| 700 | 1 |
_aBorodáč, Janko, _d1892-1964 _4adp |
|
| 700 | 1 |
_aTvarožek, Eduard Vladimír, _d1920-1999 _4red |
|
| 830 | 0 | _aSlovenské divadlo | |
| 910 | _asnk | ||
| 942 |
_2ddc _cKLDO _n0 |
||
| 949 |
_62889053509 _asavukA 2969 _oPv 19229 |
||
| 949 |
_62889024815 _asavukA 2103 _oPv 16720 |
||
| 949 |
_6270001000639128 _asvkbbS 58943 _bsvkbbm 62790 |
||
| 949 |
_6270001000639059 _asvkbbS 58997 _bsvkbbm 62791 |
||
| 949 |
_62889011398 _asavukM 9786 |
||
| 949 |
_617A0626769 _asnkSD 6707/12 D2 _bsnkF 6710/63 |
||
| 949 |
_617A0626746 _asnkSD 6707/12 D1 _bsnkF 5875/62 |
||
| 949 |
_617A0909162 _asnkSD 6707/12 _bsnk5741/52 _osnkI. 662/52 - druhé ev. číslo _s6100:20190510 |
||
| 999 |
_c20974 _d20974 |
||